000 00554nam a2200205 a 4500
001 000028761
003 DO-SdBNP
005 20221128100611.0
007 ta
008 110412s1985 dr 000 0 spa d
040 _aDO-SdBNP
_bspa
_cBNPHU
082 _axxx
_bM828j
_222
100 1 _aMoerales, H. Alfredo A.
_95465
245 1 3 _aJesus :
_b¡el desafio! /
_cH. Alfredo A. Morales
260 _aSantiago de los Caballeros :
_bLa Salle,
_c1985.
300 _a299 p. ;
_c22 cm.
590 _aInventariado, 2022 / DG
910 _aDG
942 _2ddc
_cLBS1
999 _c53010
_d53010